Схемы выпрямителей, инверторов и преобразователей частоты: пер. с нем.

Sonraí bibleagrafaíochta
Príomhchruthaitheoir: Шиллинг В.
Rannpháirtithe: Каганов И. Л. (редактор)
Teanga:Rúisis
Foilsithe / Cruthaithe: Москва, Госэнергоиздат, 1950
Ábhair:
Formáid: LEABHAR
KOHA link:https://koha.lib.tpu.ru/cgi-bin/koha/opac-detail.pl?biblionumber=53217

MARC

LEADER 00000nam0a2200000 4500
001 53217
005 20231031045037.0
035 |a (RuTPU)RU\TPU\book\55805 
090 |a 53217 
100 |a 20030617d1950 km y0rusy50 ca 
101 1 |a rus  |c ger 
102 |a RU 
105 |a a z 001zy 
200 1 |a Схемы выпрямителей, инверторов и преобразователей частоты  |e пер. с нем.  |f В. Шиллинг  |g Под ред. И. Л. Каганова 
210 |a Москва  |a Ленинград  |c Госэнергоиздат  |d 1950 
215 |a 464 с.  |c ил. 
320 |a Библиогр.: с. 460-464 
610 1 |a преобразовательная техника 
610 1 |a выпрямители 
610 1 |a инверторы 
610 1 |a преобразователи частоты 
610 1 |a схемы 
610 1 |a расчет 
610 1 |a вентильные машины 
675 |a 621.314  |v 3 
700 1 |a Шиллинг  |b В. 
702 1 |a Каганов  |b И. Л.  |4 340 
801 1 |a RU  |b 63413507  |c 20030617  |g PSBO 
801 2 |a RU  |b 63413507  |c 20191118  |g PSBO 
942 |c BK